000 00522ntaaa2200193 4500
003 01
005 20251027202850.0
008 0714s1973 ag 01
040 _aAR-BaBN
_bspa
_cAR-BaBN
_eaacr
_dRIC
082 _a269.0000 Sa5
100 _aSanderson, Leonard
_911663
245 _aUsando la escuela dominical en el evangelismo
250 _a1 ed.
260 _aEl Paso :
_bCasa Bautista de Publicaciones,
_cc1959
300 _a194 p
650 _aevangelismo
_9336
650 _aeducación religiosa
_94601
942 _cBK
999 _c24020
_d24020